000
00328 a2200157 4500
001
62660
020
_a
97885160555029
040
_c
Anchieta - Pituba
100
_a
Dreguer, Ricardo
240
1
0
_a
Bia na Ásia
_l
por
245
1
0
_a
Bia na Ásia
300
_a
47
362
0
_a
2007
650
4
_a
Literatura juvenil
942
_c
BK
999
_c
62660
_d
62660